LEADER 01003nam a2200253 i 4500 001 000000140281 003 CaOOAMICUS 005 20230123120804.0 008 050614s2005 it a u000 u ita u 013 $a114480 020 $a88-399-2392-6 040 $aSeMil$bita 100 1 $aBiraghi, Luigi,$c.$0(OLS)http://semarc/name/4214 245 10$a3: 1850-1874-79 /$cLuigi Biraghi. 264 1$aBrescia :$bQueriniana,$c2005. 300 $a510 p., [84 c. di tav. :$bill. ;$c21 cm 773 0 $aBiraghi, Luigi $tLettere alle sue figlie spirituali.$dBrescia : Queriniana$g3$w()8307 850 $aSeMil 852 $aSeMil$W1$xVenegono$y1$m3J I 362$j93661$B93661$CSeMilBibl$Z2$F99564 $81 961 $aRimoldi mons. Antonio - lascito 996 $6020$a88-399-2392-6$9(OLS)http://semarc/number/128431 996 $6245$a3: 1850-1874-79$9(OLS)http://semarc/title/204978 996 $6264$aBrescia :$bQueriniana$9(OLS)http://semarc/publisher/29615 LEADER 01221nam a2200241 i 4500 001 000000246651 003 CaOOAMICUS 005 20220704102738.0 008 151119s1858 it u000 u ita u 013 $a225556 040 $aSeMil$bita 100 1 $aGiussano, Giovanni Pietro,$d.$0(OLS)http://semarc/name/5381 245 10$aVita di S. Carlo Borromeo :$bcardinale del titolo di Santa Prassede arcivescovo di Milano estratta da quella di Gio. Pietro Giussano sacerdote milanese della Congregazione degli oblati. 260 $aFirenze :$bTipografia delle Murate,$c1858. 300 $a484 p. ;$c23 cm. 600 04$aBorromeo, Carlo .$0(OLS)http://semarc/subject/690 850 $aSeMil 852 $aSeMil$W1$xVenegono$y1$m3G IV 71 FA$j196997$B196997$CSeMilBibl$Z2$F208012 $8I 941 1 $a10 961 $aRecupero: Mantegazza 996 $6245$aVita di S. Carlo Borromeo :$bcardinale del titolo di Santa Prassede arcivescovo di Milano estratta da quella di Gio. Pietro Giussano sacerdote milanese della Congregazione degli oblati$9(OLS)http://semarc/title/348449 996 $6260$aFirenze :$bTipografia delle Murate$9(OLS)http://semarc/publisher/55093